000
00274nam a22001217a 4500
008
181023b xxu||||| |||| 00| 0 eng d
041
_a
eng
080
_a
159.9
100
_a
50
101
_a
SOC
245
_a
Challenges of Contemporary Realities
_c
Sen,A
942
_2
udc
_c
BK
999
_c
50748
_d
50748